| 000 | 00355nam a22001337a 4500 | ||
|---|---|---|---|
| 020 | _a978-0-593-07090-1 | ||
| 082 |
_a808.2 _bDAW/A |
||
| 100 | _aDAWKINS,RICHRD | ||
| 245 | _aAN APPETITE FOR WONDER | ||
| 260 |
_aLONDON _bBANTAM PRESS |
||
| 300 | _a308 | ||
| 650 |
_aPERSONAL JOURNEY BACK TO AN ENCHANTING CHILDHOOD IN COLONIAL AFRICA _zLONDON |
||
| 942 | _cBK | ||
| 999 |
_c5118 _d5118 |
||